Closest Countries to Rome - Statistics

General Stats
  • This quiz has been taken 142 times
  • The average score is 28 of 31
Answer Stats
Distance to Rome Country % Correct
523 km | 325 mi Austria
98%
245 km | 152 mi France
98%
0 km | 0 mi Vatican City
98%
755 km | 469 mi Spain
96%
623 km | 387 mi Germany
95%
648 km | 403 mi Greece
95%
317 km | 197 mi Croatia
94%
222 km | 138 mi San Marino
94%
410 km | 255 mi Slovenia
94%
523 km | 325 mi Switzerland
93%
442 km | 275 mi Bosnia and Herzegovina
92%
635 km | 395 mi Algeria
90%
595 km | 370 mi Hungary
90%
666 km | 414 mi Malta
90%
493 km | 306 mi Montenegro
90%
967 km | 601 mi Poland
90%
769 km | 478 mi Slovakia
90%
817 km | 508 mi Bulgaria
89%
565 km | 351 mi Albania
88%
744 km | 462 mi Czechia
88%
583 km | 362 mi Serbia
88%
461 km | 286 mi Monaco
87%
773 km | 480 mi Romania
87%
887 km | 551 mi Andorra
86%
997 km | 620 mi Belgium
86%
977 km | 607 mi Luxembourg
86%
559 km | 347 mi Tunisia
86%
630 km | 391 mi Kosovo
84%
978 km | 608 mi Libya
84%
662 km | 411 mi Macedonia
83%
617 km | 383 mi Liechtenstein
82%
No matching quizzes found
Score Distribution
Percent of People with Each Score
Percentile by Number Answered
Your Score History
You have not taken this quiz